000
00330 a2200145 4500
001
47954
040
_c
Anchieta - Aquarius
100
_a
Machado, José Leon
240
1
0
_a
A bruxa e o caldeirão
_l
por
245
1
0
_a
A bruxa e o caldeirão
300
_a
10
362
0
_a
2003
650
4
_a
Literatura infanto-juvenil
942
_c
BK
999
_c
47954
_d
47954